000 00777nam a2200205 a 4500
001 000041938
005 20201002035836.0
008 130725s2003 sp a 000 0 spa d
020 _a8400081587
040 _aDO-SdBNP
_bspa
_cBNPHU
100 1 _aFernández Navarro, José María
_968852
245 1 0 _aEl vidrio :
_bconstitución, fabricación, propiedades /
_cJosé María Fernández Navarro.
250 _a3a. ed.
260 _aMadrid :
_bConsejo Superior de Investigaciones Científicas. Sociedad Española de Cerámica y Vidrio,
_c2003.
300 _a684 p. ; :
_bil. ;
_c29 cm.
490 1 _aTextos universitarios
_v6
500 _aIncluye índice
710 2 _aConsejo Superior de Investigaciones Científicas(España)
_967719
830 0 _aTextos universitarios
_v6
_91147
999 _c41427
_d41427